000 00967nmm a2200253 a 4500
001 ocm000700771
003 TR-IsHL
005 20201028134834.0
008 131203s2007 tu tur
007 cr cn
035 _a700771
_b(N$T)
050 0 4 _aHD1761
_b.I88 2007
090 0 4 _aHD1761
_b.I88 2007
245 1 0 _aİstihdam perspektifinde AB sürecinde Türk tarımının genel sorunları ve çözüm önerileri
_h[electronic resource] /
_chaz. Vildan Serin...[ve öte]
260 _aİstanbul :
_bİstanbul Ticaret Odası,
_c2007
300 _a152 p.
650 4 _aTarım ve Biyoloji
650 4 _aAgricultural and Biological Sciences
650 0 _aTarım
_x Ekonomik yönleri
_x Türkiye
650 0 _aAgriculture
_x Economic aspects
_x Turkey
650 7 _aTECHNOLOGY & ENGINEERING / Agriculture / General
_2bisacsh
700 1 _aSerin, Vildan
856 4 0 _uhttp://search.ebscohost.com/login.aspx?direct=true&scope=site&db=e011xww&AN=700771
999 _c6414
_d6414